[Event "Washington Open"]
[Site "Chess.com"]
[Date "2020.05.24"]
[Round "?"]
[White "Moore, Michael"]
[Black "Toppen-Ryan, Harrison"]
[Result "0-1"]
[WhiteElo "1950"]
[BlackElo "1771"]
[PlyCount "180"]
[EventDate "2020.??.??"]

1. d4 Nf6 2. c4 e6 3. Nf3 d5 4. g3 c6 5. Bg2 Nbd7 6. O-O Bd6 7. Qc2 O-O 8. Rd1
Qe7 9. b3 dxc4 10. bxc4 e5 11. e3 Re8 12. Nbd2 c5 13. Bb2 Rb8 14. Ng5 cxd4 15.
exd4 exd4 16. Bxd4 Bc5 17. Nde4 Bxd4 18. Rxd4 h6 19. Nxf7 Nxe4 20. Bxe4 Qxf7
21. Bd5 Re6 22. Bxe6 Qxe6 23. Re4 Qg6 24. Rae1 Kh7 25. Qd2 Nf6 26. Re7 Bh3 27.
Qf4 Re8 28. Rxe8 Nxe8 29. Qe4 Qxe4 30. Rxe4 Bd7 31. f4 Bc6 32. Re6 Nc7 33. Re7
Ne8 34. f5 Nf6 35. h3 h5 36. a4 Kh6 37. a5 a6 38. Kf1 Ne4 39. g4 hxg4 40. hxg4
Nd2+ 41. Ke2 Nxc4 42. Kd3 Nxa5 43. Kc3 Bf3 44. Re6+ Kh7 45. g5 Bg4 46. Re5 Nc6
47. Rc5 Kg8 48. Kd3 Kf7 49. Ke3 Ke7 50. Kf4 Be2 51. Rc3 Kd6 52. f6 gxf6 53.
gxf6 Bh5 54. Kg5 Bf7 55. Kh6 Ne5 56. Kg7 a5 57. Re3 Bd5 58. Ra3 b6 59. Ra1 Kc5
60. Re1 Nf7 61. Re7 Nd6 62. Rc7+ Kb4 63. Rd7 Kc5 64. Rc7+ Bc6 65. f7 Nxf7 66.
Kxf7 a4 67. Kf6 a3 68. Ra7 Kb4 69. Ke5 Ba4 70. Rg7 a2 71. Rg4+ Ka3 72. Rg3+ Bb3
73. Rg1 Kb2 74. Kd4 a1=Q 75. Rxa1 Kxa1 76. Kc3 Be6 77. Kb4 Bd7 78. Kb3 b5 79.
Ka3 Kb1 80. Kb3 Kc1 81. Kc3 Kd1 82. Kd3 Be6 83. Kc3 Bc4 84. Kb2 b4 85. Ka1 Kd2
86. Kb2 Kd3 87. Ka1 Kc3 88. Kb1 b3 89. Ka1 b2+ 90. Kb1 Bd3+ 0-1

[Event "Washington Open"]
[Site "Chess.com"]
[Date "2020.05.24"]
[Round "?"]
[White "Toppen-Ryan, Harrison"]
[Black "Nathan, Jacob"]
[Result "1-0"]
[WhiteElo "1771"]
[BlackElo "1984"]
[PlyCount "107"]
[EventDate "2020.??.??"]

1. d4 Nf6 2. c4 e6 3. Nf3 d5 4. g3 Bb4+ 5. Nc3 dxc4 6. Bg2 O-O 7. O-O c6 8. Bg5
h6 9. Bxf6 Qxf6 10. Ne5 Nd7 11. Nxc4 c5 12. e3 cxd4 13. Ne4 Qe7 14. Qxd4 Nf6
15. Nxf6+ Qxf6 16. Qxf6 gxf6 17. Rfd1 Rb8 18. a3 Be7 19. Rac1 e5 20. Nd6 b6 21.
Rc7 Bg4 22. f3 Bxd6 23. Rxd6 Be6 24. h4 Rfd8 25. Rdc6 Rbc8 26. Rxc8 Rxc8 27.
Rxc8+ Bxc8 28. Bf1 Bb7 29. Kf2 Kf8 30. f4 Ke7 31. g4 Bc8 32. Kg3 exf4+ 33. exf4
Be6 34. Bg2 Kd6 35. b4 Bc4 36. h5 Be2 37. Bf3 Bc4 38. Be4 Be2 39. Kh4 Ke7 40.
g5 fxg5+ 41. fxg5 hxg5+ 42. Kxg5 Kf8 43. h6 Kg8 44. Bd5 Bd3 45. Kf6 Bg6 46.
Bxf7+ Bxf7 47. h7+ Kxh7 48. Kxf7 a5 49. Ke6 axb4 50. axb4 Kg7 51. Kd6 Kf7 52.
Kc6 Ke7 53. Kxb6 Kd7 54. Kb7 1-0

[Event "Washington Open"]
[Site "Chess.com"]
[Date "2020.05.25"]
[Round "?"]
[White "Sairam, Pranav"]
[Black "Toppen-Ryan, Harrison"]
[Result "1-0"]
[WhiteElo "2087"]
[BlackElo "1771"]
[PlyCount "65"]
[EventDate "2020.??.??"]

1. d4 Nf6 2. Nf3 e6 3. e3 d5 4. b3 Nbd7 5. Bb2 c6 6. Bd3 Bd6 7. Nbd2 O-O 8. O-O
Re8 9. Ne5 c5 10. f4 a6 11. a4 b6 12. Rf3 g6 13. Rh3 Bf8 14. Ndf3 Nxe5 15. Nxe5
Bb7 16. Qe1 Bg7 17. g4 Ne4 18. Bxe4 dxe4 19. dxc5 Bxe5 20. Bxe5 bxc5 21. Rd1
Qe7 22. g5 h5 23. Bf6 Qc7 24. Qe2 Red8 25. Rxd8+ Rxd8 26. Rxh5 gxh5 27. Qxh5
Rd1+ 28. Qxd1 Qa5 29. b4 Qxb4 30. Qd8+ Kh7 31. g6+ Kxg6 32. Qg8+ Kxf6 33. Qg5#
1-0

[Event "Washington Open"]
[Site "Chess.com"]
[Date "2020.05.25"]
[Round "?"]
[White "Toppen-Ryan, Harrison"]
[Black "Chen, Minda"]
[Result "1/2-1/2"]
[WhiteElo "1771"]
[BlackElo "1966"]
[PlyCount "58"]
[EventDate "2020.??.??"]

1. d4 Nf6 2. c4 e6 3. Nf3 d5 4. g3 Be7 5. Bg2 O-O 6. O-O dxc4 7. Ne5 Nc6 8.
Bxc6 bxc6 9. Nxc6 Qd7 10. Nxe7+ Qxe7 11. Qa4 c5 12. Qa3 Bb7 13. Nc3 Rac8 14.
Bg5 Qd7 15. dxc5 Qc6 16. f3 Nd5 17. e4 Nxc3 18. bxc3 f6 19. Be3 Rfd8 20. Rfd1
f5 21. Qxa7 fxe4 22. Qb6 Rd3 23. Rxd3 exd3 24. Qxc6 Bxc6 25. Kf2 Rb8 26. Bd2
Rb5 27. a4 Rxc5 28. a5 Rh5 29. h4 Re5 1/2-1/2

[Event "Washington Open"]
[Site "Chess.com"]
[Date "2020.05.23"]
[Round "?"]
[White "Li, Albert"]
[Black "Mahajan, Rushaan"]
[Result "0-1"]
[WhiteElo "1766"]
[BlackElo "2208"]
[PlyCount "50"]
[EventDate "2020.??.??"]

1. e4 c6 2. d4 d5 3. Nc3 dxe4 4. Nxe4 Nf6 5. Nxf6+ exf6 6. Nf3 Bd6 7. Bd3 O-O
8. O-O Bg4 9. h3 Bh5 10. c3 Nd7 11. Be3 Re8 12. Be2 Nf8 13. Nh4 Bxe2 14. Qxe2
g6 15. Qd2 Ne6 16. Rad1 f5 17. d5 Qxh4 18. dxe6 Rxe6 19. Bg5 Qc4 20. Rfe1 Rae8
21. Rxe6 Rxe6 22. b3 Qe4 23. c4 Bc7 24. Qd7 Qe1+ 25. Rxe1 Rxe1# 0-1

[Event "Washington Open"]
[Site "Chess.com"]
[Date "2020.05.24"]
[Round "?"]
[White "Murray, David E"]
[Black "Li, Albert"]
[Result "1/2-1/2"]
[WhiteElo "1924"]
[BlackElo "1766"]
[PlyCount "58"]
[EventDate "2020.??.??"]

1. d4 d5 2. Bf4 Nf6 3. e3 c5 4. c3 Qb6 5. Qc1 Bf5 6. Nd2 e6 7. Ngf3 h6 8. Be2
Nc6 9. dxc5 Bxc5 10. Nb3 Be7 11. Nbd4 Nxd4 12. Nxd4 Bh7 13. Bb5+ Nd7 14. Bxd7+
Kxd7 15. O-O Rhd8 16. a4 Ke8 17. Qd2 Bf6 18. Nf3 Kf8 19. Be5 Bxe5 20. Nxe5 Qc7
21. Qd4 Kg8 22. a5 Re8 23. Rfc1 Qe7 24. Nf3 a6 25. Ra3 Be4 26. Rb3 Rac8 27. Nd2
Bg6 28. Qb4 Qxb4 29. Rxb4 Rc7 1/2-1/2

[Event "Washington Open"]
[Site "Chess.com"]
[Date "2020.05.25"]
[Round "?"]
[White "Li, Albert"]
[Black "Vijayakumar, Advaith"]
[Result "0-1"]
[WhiteElo "1766"]
[BlackElo "2026"]
[PlyCount "47"]
[EventDate "2020.??.??"]

1. e4 c5 2. Nf3 Nc6 3. d4 cxd4 4. Nxd4 Nf6 5. Nc3 d6 6. Bc4 Qb6 7. Nb3 e6 8.
O-O Bd7 9. Re1 Be7 10. a3 Ne5 11. Bf1 O-O 12. Be3 Qc7 13. g3 Nc4 14. Bc1 Rfd8
15. Nd2 Nxd2 16. Bxd2 Bc6 17. Qe2 d5 18. Bf4 Qb6 19. e5 Nd7 20. Rab1 Nc5 21.
Be3 d4 22. b4 dxe3 23. Qxe3 Na4 24. b5 0-1

[Event "Washington Open"]
[Site "Chess.com"]
[Date "2020.05.25"]
[Round "?"]
[White "Li, Albert"]
[Black "Razmov, Valentin"]
[Result "1/2-1/2"]
[WhiteElo "1766"]
[BlackElo "1986"]
[PlyCount "145"]
[EventDate "2020.??.??"]

1. e4 d5 2. exd5 Qxd5 3. Nc3 Qa5 4. d4 c6 5. Nf3 Nf6 6. Bc4 Bf5 7. Qe2 e6 8.
Bd2 Qc7 9. Ne5 Nbd7 10. O-O-O Bd6 11. Rhe1 Rf8 12. f3 O-O-O 13. g4 Bg6 14. h4
h6 15. Nxg6 fxg6 16. Bxe6 Bg3 17. Rh1 Kb8 18. Bb3 Rfe8 19. Qg2 Nf8 20. Ne2 Bd6
21. Rhe1 Ne6 22. Bxe6 Rxe6 23. Nc3 Rxe1 24. Bxe1 Bf4+ 25. Kb1 Qb6 26. Ne2 Be3
27. Qg3+ Kc8 28. c3 Qb5 29. Qg2 c5 30. Bg3 a5 31. Bf4 Nd5 32. Bh2 cxd4 33. cxd4
Qa4 34. Qf1 Qc4 35. Bg1 Kb8 36. Nc3 Qxf1 37. Rxf1 Bxg1 38. Rxg1 Ne3 39. Ne2 Kc7
40. Rc1+ Kd6 41. Rc3 Ng2 42. Rb3 Kc6 43. Rc3+ Kd6 44. h5 gxh5 45. gxh5 Rf8 46.
Kc1 Nf4 47. Ng3 Nd5 48. Ra3 b6 49. Ne4+ Ke6 50. Kd2 Rf5 51. Ng3 Rg5 52. f4 Nxf4
53. Rb3 b5 54. Ne4 Rxh5 55. Nc5+ Kd5 56. Rxb5 Kxd4 57. Nb3+ Kc4 58. Rxh5 Nxh5
59. Nxa5+ Kb5 60. Nb7 Nf6 61. Nd6+ Kc6 62. Nf5 Ne8 63. b4 h5 64. a4 g5 65. Ke3
Kd5 66. b5 Kc5 67. Kf3 Nf6 68. Kg3 Ne4+ 69. Kf3 Nc3 70. Ng7 g4+ 71. Kg3 Nxa4
72. Nxh5 Kxb5 73. Kxg4 1/2-1/2

[Event "Washington Open"]
[Site "Chess.com"]
[Date "2020.05.23"]
[Round "?"]
[White "Shubin, Daniel"]
[Black "Gabunia, Davit"]
[Result "0-1"]
[WhiteElo "2161"]
[BlackElo "1747"]
[PlyCount "82"]
[EventDate "2020.??.??"]

1. e4 d5 2. exd5 Qxd5 3. Nc3 Qa5 4. d4 c6 5. Nf3 Nf6 6. Bc4 Bf5 7. O-O e6 8.
Ne2 Bd6 9. Ng3 Bg6 10. c3 Nbd7 11. Re1 O-O 12. Qb3 Qc7 13. Bg5 h6 14. Bxf6 Nxf6
15. Ne5 Bxe5 16. Rxe5 Rfe8 17. Rae1 Ng4 18. R5e2 b5 19. Bxe6 fxe6 20. Rxe6 Kh7
21. Rxe8 Rxe8 22. Rxe8 Bxe8 23. Qe6 Qd7 24. Qe2 Nf6 25. f3 Bg6 26. Ne4 Nxe4 27.
fxe4 Qe6 28. e5 Qxa2 29. h3 Qb1+ 30. Kh2 Qc2 31. Qf3 Be4 32. Qg4 Bd5 33. h4 Qg6
34. Qh3 h5 35. Kh1 Qg4 36. Qxg4 hxg4 37. Kg1 g3 38. Kf1 Kg6 39. e6 Bxe6 40. Ke2
Bd5 41. Ke3 Kf5 0-1

[Event "Washington Open"]
[Site "Chess.com"]
[Date "2020.05.23"]
[Round "?"]
[White "Gabunia, Davit"]
[Black "Razmov, Valentin"]
[Result "1-0"]
[WhiteElo "1747"]
[BlackElo "1986"]
[PlyCount "133"]
[EventDate "2020.??.??"]

1. d4 d5 2. c4 e6 3. Nc3 c6 4. e3 Nf6 5. Nf3 Nbd7 6. Qc2 Be7 7. Bd2 O-O 8. Bd3
b6 9. O-O Bb7 10. Rad1 Qc7 11. cxd5 cxd5 12. Rc1 Rac8 13. Qa4 Qb8 14. Bb5 Rfd8
15. Ne2 Bd6 16. Bb4 a5 17. Rxc8 Bxc8 18. Bxd6 Qxd6 19. Rc1 Bb7 20. Nf4 Rc8 21.
Rxc8+ Bxc8 22. Qc2 Bb7 23. Nd3 Nb8 24. Nde5 h6 25. g4 Nfd7 26. h4 f6 27. Ng6
Kf7 28. g5 hxg5 29. hxg5 Ba6 30. Bxa6 Nxa6 31. Nf4 Nf8 32. a3 Qc7 33. Qb3 Nb8
34. Kg2 Nbd7 35. Qb5 Qc4 36. Qxc4 dxc4 37. gxf6 gxf6 38. Nd2 b5 39. a4 bxa4 40.
Nxc4 e5 41. Ne2 exd4 42. Nxd4 Ne6 43. Nb5 Nec5 44. Nxa5 Nd3 45. b3 axb3 46.
Nxb3 Ke6 47. f4 Kf5 48. Kf3 N7c5 49. N3d4+ Kg6 50. Nd6 Nd7 51. Ke4 Nf2+ 52. Kd5
Nf8 53. Ne6 Nxe6 54. Kxe6 Ng4 55. e4 Nh6 56. f5+ Kg7 57. Ne8+ Kf8 58. Nxf6 Nf7
59. e5 Ng5+ 60. Kd7 Kf7 61. Nh5 Ne4 62. e6+ Kg8 63. e7 Nc5+ 64. Kc6 Kf7 65.
Kxc5 Kxe7 66. Ng3 Kf6 67. Kd4 1-0

[Event "Washington Open"]
[Site "Chess.com"]
[Date "2020.05.24"]
[Round "?"]
[White "Raptis, Nick"]
[Black "Gabunia, Davit"]
[Result "1-0"]
[WhiteElo "2393"]
[BlackElo "1747"]
[PlyCount "77"]
[EventDate "2020.??.??"]

1. d4 d5 2. Nf3 Nf6 3. c4 e6 4. g3 Be7 5. Bg2 O-O 6. O-O dxc4 7. Qc2 c6 8. Qxc4
b6 9. Nc3 Ba6 10. Qb3 Nbd7 11. Rd1 Qc7 12. e4 e5 13. dxe5 Nxe5 14. Bf4 Nfd7 15.
Qa4 Bb7 16. Rac1 Nxf3+ 17. Bxf3 Ne5 18. Bg2 Qb8 19. h3 g5 20. Be3 b5 21. Qc2
Nc4 22. Bd4 a6 23. b3 Ne5 24. Be3 Ng6 25. Ne2 Qc7 26. Nd4 Rfd8 27. Nf5 Bf6 28.
Nh6+ Kg7 29. Ng4 Qe7 30. Bb6 Rxd1+ 31. Rxd1 Re8 32. Bc5 Qc7 33. Nxf6 Kxf6 34.
Qc3+ Ke6 35. Rd6+ Qxd6 36. Bxd6 Kxd6 37. Qf6+ Kc7 38. Qxf7+ Re7 39. Qf6 1-0

[Event "Washington Open"]
[Site "Chess.com"]
[Date "2020.05.24"]
[Round "?"]
[White "Gabunia, Davit"]
[Black "Beck, Alec"]
[Result "0-1"]
[WhiteElo "1747"]
[BlackElo "1942"]
[PlyCount "52"]
[EventDate "2020.??.??"]

1. d4 Nf6 2. c4 g6 3. Nc3 Bg7 4. e4 d6 5. f3 O-O 6. Be3 Nc6 7. Qd2 a6 8. g4 e5
9. d5 Nd4 10. Bd3 c6 11. h4 h5 12. g5 Nd7 13. Nce2 c5 14. f4 exf4 15. Nxf4 Ne5
16. Be2 Nxe2 17. Qxe2 Bg4 18. Qc2 Re8 19. Nge2 Qa5+ 20. Kf1 b5 21. cxb5 axb5
22. a3 Nc4 23. Kf2 Bxb2 24. Rag1 Qxa3 25. Rg3 Qa4 26. Qb1 Qa1 0-1

[Event "Washington Open"]
[Site "Chess.com"]
[Date "2020.05.25"]
[Round "?"]
[White "Nathan, Jacob"]
[Black "Gabunia, Davit"]
[Result "0-1"]
[WhiteElo "1984"]
[BlackElo "1747"]
[PlyCount "78"]
[EventDate "2020.??.??"]

1. e4 c5 2. Nf3 d6 3. d4 cxd4 4. Nxd4 Nf6 5. Nc3 a6 6. Rg1 e5 7. Nb3 Nc6 8. g4
Be6 9. g5 Nd7 10. Be3 Be7 11. Qd2 Nb6 12. Nd5 Na4 13. O-O-O Rc8 14. Nxe7 Qxe7
15. Qxd6 Qxd6 16. Rxd6 Nb4 17. Rd2 Nxa2+ 18. Kb1 Nb4 19. f4 O-O 20. f5 Nxc2 21.
Rxc2 Bxb3 22. Rxc8 Rxc8 23. Bd3 Kf8 24. Rc1 Rxc1+ 25. Kxc1 Ke7 26. Bc2 Bxc2 27.
Kxc2 Kd6 28. b4 b5 29. Kb3 g6 30. fxg6 hxg6 31. Bf2 Ke6 32. h4 f5 33. gxf6 Kxf6
34. Be3 Ke6 35. Kc2 Kd6 36. Kb3 Kc6 37. Bf2 Nb6 38. Be3 Nc4 39. Bg5 Nd6 0-1

[Event "Washington Open"]
[Site "Chess.com"]
[Date "2020.05.25"]
[Round "?"]
[White "Gabunia, Davit"]
[Black "Roberts, Teddy"]
[Result "1-0"]
[WhiteElo "1747"]
[BlackElo "1934"]
[PlyCount "111"]
[EventDate "2020.??.??"]

1. d4 d5 2. c4 c6 3. Nc3 Nf6 4. Nf3 e6 5. e3 Be7 6. Qc2 O-O 7. b3 Nbd7 8. Bb2
b6 9. Bd3 Bb7 10. O-O h6 11. Rad1 Qc7 12. cxd5 cxd5 13. a3 Rac8 14. Rc1 Qb8 15.
Qb1 a6 16. b4 b5 17. Nd2 Nb6 18. Nb3 Nc4 19. Nc5 Bxc5 20. bxc5 Ng4 21. g3 Nd2
22. Qc2 Nxf1 23. Bxf1 Qc7 24. Na2 Nf6 25. Nb4 a5 26. Nd3 Bc6 27. Bc3 Ra8 28.
Rb1 Rfb8 29. Ne5 Nd7 30. Nd3 Nf8 31. Ne5 Be8 32. Bd3 Ra7 33. Qe2 Rab7 34. Qd2
Ra7 35. Bf1 Nd7 36. Nd3 Nf6 37. f3 Nd7 38. e4 dxe4 39. fxe4 Nf6 40. Qe3 Bc6 41.
d5 exd5 42. Bxf6 gxf6 43. Qxh6 Qe7 44. Nf4 Qf8 45. Qxf8+ Kxf8 46. exd5 Be8 47.
c6 b4 48. a4 Rd8 49. Kf2 Re7 50. Rc1 Kg7 51. c7 Rc8 52. d6 Re5 53. Ba6 Bd7 54.
Bxc8 Bxc8 55. Rd1 Bd7 56. Nd5 1-0

[Event "Washington Open"]
[Site "Chess.com"]
[Date "2020.05.23"]
[Round "?"]
[White "Zhu, Ryan"]
[Black "Airapetian, Chouchanik"]
[Result "0-1"]
[WhiteElo "1739"]
[BlackElo "2104"]
[PlyCount "88"]
[EventDate "2020.??.??"]

1. e4 e5 2. Nf3 Nc6 3. d4 exd4 4. Nxd4 Nf6 5. Nxc6 bxc6 6. e5 Qe7 7. Qe2 Nd5 8.
c4 Ba6 9. b3 g6 10. f4 Bg7 11. Qe4 f5 12. Qf3 Nb4 13. Qf2 d6 14. a3 dxe5 15.
axb4 exf4+ 16. Qe2 Bxa1 17. Bxf4 Rb8 18. Kd1 Qxe2+ 19. Bxe2 Rxb4 20. Kc2 c5 21.
Nc3 Bxc3 22. Kxc3 Bb7 23. Bxc7 Bxg2 24. Rg1 Bc6 25. Re1 Kd7 26. Bg3 Re8 27. Bf1
Rxe1 28. Bxe1 f4 29. Bf2 Kd6 30. Bd3 a5 31. Bc2 a4 32. Bd1 axb3 33. Bxb3 Ba4
34. Bxa4 Rxa4 35. Kb3 Ra1 36. h3 Rf1 37. Bh4 Rf3+ 38. Kc2 Rxh3 39. Bd8 f3 40.
Kd2 h6 41. Ke1 Rh2 42. Kf1 g5 43. Bb6 g4 44. Ba7 Rb2 0-1

[Event "Washington Open"]
[Site "Chess.com"]
[Date "2020.05.24"]
[Round "?"]
[White "Zhu, Ryan"]
[Black "Ackerman, Ryan"]
[Result "1-0"]
[WhiteElo "1739"]
[BlackElo "1922"]
[PlyCount "51"]
[EventDate "2020.??.??"]

1. e4 e6 2. d4 d5 3. Nc3 Nf6 4. e5 Nfd7 5. f4 c5 6. Nf3 Nc6 7. Be3 Qb6 8. a3 a6
9. Be2 c4 10. O-O Qxb2 11. Qd2 Qb6 12. f5 Be7 13. Rab1 Qa5 14. fxe6 fxe6 15.
Bg5 O-O 16. Bxe7 Nxe7 17. Ng5 Rxf1+ 18. Rxf1 Nf8 19. Bh5 Bd7 20. Qf2 Nf5 21. g4
Qxc3 22. Bf7+ Kh8 23. gxf5 exf5 24. Bxd5 Be8 25. Bxb7 Rd8 26. Qxf5 1-0

[Event "Washington Open"]
[Site "Chess.com"]
[Date "2020.05.24"]
[Round "?"]
[White "Merwin, Steven"]
[Black "Zhu, Ryan"]
[Result "1-0"]
[WhiteElo "1959"]
[BlackElo "1739"]
[PlyCount "153"]
[EventDate "2020.??.??"]

1. e4 c5 2. c3 Nf6 3. e5 Nd5 4. d4 cxd4 5. Nf3 Nc6 6. Bc4 Nb6 7. Bb3 d6 8. exd6
Qxd6 9. O-O g5 10. Nxg5 Nd8 11. cxd4 Bg7 12. d5 h6 13. Ne4 Qg6 14. Ng3 h5 15.
Re1 h4 16. Qe2 O-O 17. Nh5 Bg4 18. Nf4 Bxe2 19. Nxg6 fxg6 20. Rxe2 Bf6 21. Nc3
Nf7 22. Ne4 Kg7 23. Nxf6 exf6 24. Bd2 Ne5 25. Bc3 Rad8 26. Bxe5 fxe5 27. Rxe5
Nd7 28. Re7+ Rf7 29. Rxf7+ Kxf7 30. Rc1 Kf6 31. Rc7 g5 32. Rxb7 Nc5 33. Rb5
Nxb3 34. Rxb3 Rxd5 35. Kf1 Rd2 36. g4 hxg3 37. hxg3 g4 38. Rb4 Kf5 39. a4 Kg5
40. Rb5+ Kf6 41. b4 Rd6 42. a5 Rd1+ 43. Ke2 Rb1 44. Ke3 a6 45. Rb6+ Ke5 46. Kd3
Kd5 47. Kc2 Rh1 48. Rf6 Rf1 49. Rf4 Ke6 50. Kd2 Kd5 51. Ke2 Rb1 52. Rxg4 Rb3
53. Rf4 Ke5 54. Kf1 Rb1+ 55. Kg2 Re1 56. Kh3 Rc1 57. Kg4 Kd5 58. Kf5 Rc8 59.
Kg6 Ke5 60. Rf5+ Kd4 61. b5 axb5 62. Rxb5 Ke4 63. Rb6 Rg8+ 64. Kf7 Rd8 65. a6
Kf5 66. Rb5+ Ke4 67. Ra5 Rd7+ 68. Ke6 Ra7 69. f4 Kd4 70. f5 Ke4 71. Ra4+ Ke3
72. f6 Kd3 73. f7 Ra8 74. a7 Ke3 75. Ke7 Kf3 76. f8=Q+ Rxf8 77. Kxf8 1-0

[Event "Washington Open"]
[Site "Chess.com"]
[Date "2020.05.25"]
[Round "?"]
[White "Razmov, Valentin"]
[Black "Zhu, Ryan"]
[Result "0-1"]
[WhiteElo "1986"]
[BlackElo "1739"]
[PlyCount "94"]
[EventDate "2020.??.??"]

1. d4 Nf6 2. c4 g6 3. Nc3 Bg7 4. e4 d6 5. Nf3 O-O 6. Be2 e5 7. O-O Nc6 8. d5
Ne7 9. b4 Nd7 10. Re1 a5 11. Ba3 f5 12. Ng5 Nf6 13. c5 Bh6 14. cxd6 cxd6 15.
Ne6 Bxe6 16. dxe6 Nxe4 17. Nxe4 fxe4 18. b5 Rxf2 19. Qxd6 Qxd6 20. Bxd6 Be3 21.
Bxe7 Rf7+ 22. Kh1 Rxe7 23. Bc4 Bd4 24. Rac1 e3 25. g3 Kg7 26. Kg2 a4 27. Kf3
Rf8+ 28. Ke4 Rf2 29. h3 h5 30. Kd5 Kf6 31. Kd6 h4 32. g4 g5 33. Rf1 Re8 34. Kd7
Re7+ 35. Kd6 Bb6 36. Rxf2+ exf2 37. Bd5 e4 38. Rc8 Bc7+ 39. Kc5 e3 40. Bc4 Rxe6
41. Rf8+ Ke7 42. Rf5 Bg3 43. Be2 Bf4 44. Rd5 f1=Q 45. Bxf1 b6+ 46. Kd4 e2 47.
Bxe2 Rxe2 0-1

[Event "Washington Open"]
[Site "Chess.com"]
[Date "2020.05.23"]
[Round "?"]
[White "Sairam, Pranav"]
[Black "Bailey, Daniel"]
[Result "1-0"]
[WhiteElo "2087"]
[BlackElo "1729"]
[PlyCount "91"]
[EventDate "2020.??.??"]

1. e4 e5 2. Nf3 Nc6 3. Bb5 a6 4. Bxc6 dxc6 5. d3 Bd6 6. O-O Ne7 7. c3 Bg4 8. h3
Bh5 9. d4 f6 10. Be3 Qd7 11. Nbd2 O-O-O 12. b4 Rhg8 13. Qc2 g5 14. dxe5 Bxe5
15. Nxe5 fxe5 16. Nb3 Qd3 17. Qxd3 Rxd3 18. c4 g4 19. hxg4 Bxg4 20. Kh2 b6 21.
Rfe1 Ng6 22. f3 Be6 23. Rac1 h5 24. Nd2 h4 25. a4 Nf4 26. Bxf4 exf4 27. Re2 h3
28. gxh3 Rh8 29. Kg2 Bxh3+ 30. Kf2 Ra3 31. Rh1 Rxa4 32. e5 Kd7 33. Ne4 Rxb4 34.
Ng5 Rxc4 35. Nxh3 a5 36. Rd1+ Ke8 37. Kg2 a4 38. e6 Rh7 39. Nf2 Rg7+ 40. Ng4
Rc5 41. Rd7 Rxd7 42. Nf6+ Kd8 43. exd7 Rg5+ 44. Kf2 Rg8 45. Re8+ Rxe8 46.
dxe8=Q# 1-0

[Event "Washington Open"]
[Site "Chess.com"]
[Date "2020.05.25"]
[Round "?"]
[White "Ackerman, Ryan"]
[Black "Bailey, Daniel"]
[Result "1-0"]
[WhiteElo "1922"]
[BlackElo "1729"]
[PlyCount "47"]
[EventDate "2020.??.??"]

1. d4 d5 2. c4 e6 3. Nc3 Nf6 4. cxd5 exd5 5. Bg5 Be7 6. Qc2 c6 7. e3 Nbd7 8.
Bd3 O-O 9. Nge2 Re8 10. O-O h6 11. Bh4 Nf8 12. f3 Ne6 13. Rad1 c5 14. Bxf6 Bxf6
15. dxc5 Be7 16. b4 Kh8 17. Bb5 Rg8 18. Nxd5 Qf8 19. Nd4 Nxd4 20. exd4 Be6 21.
Nc7 Rc8 22. Nxe6 fxe6 23. Bc4 Qf6 24. Rfe1 1-0

[Event "Washington Open"]
[Site "Chess.com"]
[Date "2020.05.23"]
[Round "?"]
[White "Velea, Stephanie"]
[Black "Whale, Nicholas"]
[Result "0-1"]
[WhiteElo "1700"]
[BlackElo "2065"]
[PlyCount "126"]
[EventDate "2020.??.??"]

1. e4 c5 2. Nf3 Nc6 3. Bb5 e6 4. O-O Nge7 5. c3 a6 6. Ba4 b5 7. Bc2 Bb7 8. a3
d5 9. exd5 Nxd5 10. d4 cxd4 11. cxd4 Be7 12. Nc3 Nxc3 13. bxc3 O-O 14. Qd3 g6
15. Bf4 Bf6 16. Rfe1 Rc8 17. Ne5 Qd5 18. f3 Rfd8 19. Ng4 Bg7 20. Kf2 Qf5 21.
Qd2 Qh5 22. Bg5 Rd7 23. Nf6+ Bxf6 24. Bxf6 Ne7 25. Kg1 Nd5 26. Re5 Nxf6 27.
Rxh5 Nxh5 28. Be4 Nf6 29. Bxb7 Rxb7 30. a4 Rbc7 31. axb5 axb5 32. Qb2 Nd5 33.
Qxb5 Nxc3 34. Qb2 Nd5 35. Qb5 Nf4 36. Qe5 Nd3 37. Qe2 Rc1+ 38. Rxc1 Rxc1+ 39.
Qf1 Rxf1+ 40. Kxf1 Kf8 41. Ke2 Nf4+ 42. Kf2 Ke7 43. g3 Nd5 44. Ke2 Kd6 45. Kd3
Ne7 46. Ke4 f5+ 47. Kf4 h6 48. g4 g5+ 49. Ke3 Kd5 50. Kd3 Nc6 51. gxf5 exf5 52.
Ke3 Nxd4 53. f4 g4 54. Kf2 Ke4 55. Kg3 Ne2+ 56. Kh4 Nxf4 57. h3 Nxh3 58. Kg3
Ke3 59. Kg2 f4 60. Kf1 f3 61. Ke1 g3 62. Kf1 g2+ 63. Ke1 g1=R# 0-1

[Event "Washington Open"]
[Site "Chess.com"]
[Date "2020.05.24"]
[Round "?"]
[White "Velea, Stephanie"]
[Black "Bell, Harry"]
[Result "1-0"]
[WhiteElo "1700"]
[BlackElo "2000"]
[PlyCount "75"]
[EventDate "2020.??.??"]

1. e4 e5 2. Nf3 Nf6 3. Nxe5 d6 4. Nf3 Nxe4 5. d3 Nf6 6. Nc3 d5 7. d4 c6 8. Bd3
Bd6 9. Bg5 Bg4 10. Qe2+ Be6 11. Ne5 Qb6 12. O-O-O Qxd4 13. Nxf7 Kxf7 14. Bg6+
hxg6 15. Rxd4 Nbd7 16. h4 c5 17. Rdd1 Rae8 18. Qd2 d4 19. Nb5 Bb8 20. Rde1 a6
21. Na3 b5 22. Qa5 b4 23. Nb1 Bc4 24. b3 Bb5 25. a4 Bc6 26. Qxa6 Bxg2 27. Rhg1
Bf3 28. Bxf6 Nxf6 29. Qc4+ Nd5 30. Qxc5 Bh2 31. Qa7+ Re7 32. Rxe7+ Nxe7 33. Re1
Bd6 34. Qxd4 Nf5 35. Qc4+ Kf8 36. Qc8+ Kf7 37. Qe6+ Kf8 38. Qe8# 1-0

[Event "Washington Open"]
[Site "Chess.com"]
[Date "2020.05.24"]
[Round "?"]
[White "Roberts, Teddy"]
[Black "Velea, Stephanie"]
[Result "1-0"]
[WhiteElo "1934"]
[BlackElo "1700"]
[PlyCount "103"]
[EventDate "2020.??.??"]

1. e4 c5 2. Nf3 d6 3. Bb5+ Nd7 4. O-O Ngf6 5. Re1 a6 6. Bf1 e6 7. c3 Be7 8. d4
O-O 9. Bf4 Re8 10. Nbd2 b5 11. a4 bxa4 12. Qxa4 Bb7 13. Bd3 d5 14. e5 Nh5 15.
Be3 g6 16. g4 Ng7 17. h4 h5 18. gxh5 Nxh5 19. Kh1 Kg7 20. Rg1 Rh8 21. Qc2 Nf8
22. Rg4 c4 23. Be2 Rb8 24. Rag1 Bc6 25. Nf1 a5 26. Ng5 Be8 27. f4 a4 28. Bc1
Qa5 29. f5 exf5 30. Qxf5 Bxg5 31. Rxg5 Bd7 32. Qf3 Ne6 33. Rxh5 Qd8 34. Rxh8
Qxh8 35. Qf6+ Kg8 36. Qxh8+ Kxh8 37. Bf3 Bc6 38. Ne3 Nc7 39. Nxc4 Kg7 40. Nd6
Rh8 41. Bg5 Ne6 42. Bf6+ Kg8 43. Bxh8 Kxh8 44. Nxf7+ Kg7 45. Nd6 Nf4 46. h5 Nd3
47. Rxg6+ Kh8 48. Bd1 Nxb2 49. Bc2 a3 50. Nf7+ Kh7 51. Rg1+ Nd3 52. Bxd3# 1-0

[Event "Washington Open"]
[Site "Chess.com"]
[Date "2020.05.25"]
[Round "?"]
[White "Velea, Stephanie"]
[Black "Min, Ryan"]
[Result "1/2-1/2"]
[WhiteElo "1700"]
[BlackElo "1915"]
[PlyCount "39"]
[EventDate "2020.??.??"]

1. e4 e5 2. Nf3 Nc6 3. Bc4 Bc5 4. O-O Nf6 5. d3 d6 6. c3 a6 7. Bb3 Ba7 8. Nbd2
h6 9. Nc4 Be6 10. Be3 O-O 11. Ncd2 Ne7 12. d4 Ng6 13. h3 Re8 14. Bc2 Bd7 15.
Nh2 Qc8 16. Qf3 Nh4 17. Qg3 Ng6 18. Qf3 Nh4 19. Qg3 Ng6 20. Qf3 1/2-1/2

[Event "Washington Open"]
[Site "Chess.com"]
[Date "2020.05.25"]
[Round "?"]
[White "Velea, Stephanie"]
[Black "Moore, Michael"]
[Result "0-1"]
[WhiteElo "1700"]
[BlackElo "1950"]
[PlyCount "86"]
[EventDate "2020.??.??"]

1. e4 c5 2. Nf3 d6 3. Bb5+ Nd7 4. d4 cxd4 5. Qxd4 a6 6. Bxd7+ Bxd7 7. c4 b5 8.
Nc3 e5 9. Qd3 bxc4 10. Qxc4 Be7 11. O-O Nf6 12. Ne1 O-O 13. Nc2 Qb8 14. Rd1 Rc8
15. Qd3 Ra7 16. Ne3 a5 17. Ned5 Nxd5 18. Nxd5 Bf8 19. Be3 Rb7 20. b3 a4 21. b4
Bb5 22. Qa3 Rc4 23. f3 Bc6 24. Bd2 Bxd5 25. exd5 Qa7+ 26. Be3 Qa8 27. Rab1 Rb5
28. h3 Rxd5 29. Rxd5 Qxd5 30. Qxa4 Qd3 31. Rb3 Qe2 32. Qd7 Rc2 33. Qg4 Rxa2 34.
b5 Qd1+ 35. Kh2 Qxb3 36. b6 Qxe3 37. b7 Rb2 38. Qc8 Qf4+ 39. Kg1 Rb1+ 40. Kf2
Qh4+ 41. Ke2 Rb2+ 42. Kd1 Qd4+ 43. Ke1 Qg1# 0-1

[Event "Washington Open"]
[Site "Chess.com"]
[Date "2020.05.23"]
[Round "?"]
[White "Nguyen, Thanh Tien"]
[Black "Pai, Kushal"]
[Result "0-1"]
[WhiteElo "2027"]
[BlackElo "1687"]
[PlyCount "92"]
[EventDate "2020.??.??"]

1. e4 c5 2. Nf3 d6 3. Bb5+ Bd7 4. Bxd7+ Nxd7 5. O-O Ngf6 6. Re1 e6 7. Nc3 a6 8.
a4 Be7 9. d3 O-O 10. Bg5 h6 11. Bh4 d5 12. e5 Ne8 13. Bg3 Nc7 14. d4 b5 15.
dxc5 Bxc5 16. Nd4 Qb8 17. b4 Bxd4 18. Qxd4 Qb6 19. Qg4 Rfc8 20. a5 Qc6 21. Ne2
Qxc2 22. Nd4 Qc3 23. Rab1 Nf8 24. Rec1 Qd3 25. Nc6 Ng6 26. h4 Ne8 27. h5 Rxc6
28. hxg6 Rac8 29. gxf7+ Kxf7 30. Qh5+ Qg6 31. Qf3+ Kg8 32. Qd1 Qe4 33. Rxc6
Rxc6 34. Rb3 Rc4 35. Qh5 Rc1+ 36. Kh2 Nc7 37. Rf3 Qe1 38. Bh4 Qh1+ 39. Kg3 Rg1
40. Qf7+ Kh7 41. Kg4 Qxg2+ 42. Bg3 Re1 43. Rc3 Rxe5 44. Qf3 h5+ 45. Kh4 g5+ 46.
Kxh5 Qh3+ 0-1